书目信息 |
| 题名: |
中学化学课件制作实例与技巧
|
|
| 作者: | 潘天士 主编 | |
| 分册: | ||
| 出版信息: | 北京 机械工业出版社 2004 |
|
| 页数: | ||
| 开本: | 29cm | |
| 丛书名: | 信息技术与学科教育整合系列丛书 | |
| 单 册: | ||
| 中图分类: | G633.83 | |
| 科图分类: | ||
| 主题词: | 教育--各级 | |
| 电子资源: | ||
| ISBN: | 7-111-14790-1 | |
| 000 | 00666nam0 2200205 450 | |
| 001 | 0754114953 | |
| 005 | 20070929150154.95 | |
| 010 | @a7-111-14790-1 | |
| 100 | @a20070929d km y0chiy0120 ea | |
| 101 | 0 | @achi |
| 200 | 1 | @a中学化学课件制作实例与技巧@Azhong xue hua xue ke jian zhi zuo shi li yu ji qiao@f潘天士 主编@Fpan tian shi zhu bian |
| 210 | @a北京@c机械工业出版社@d2004 | |
| 215 | @c插图@d29cm@e光盘1张 | |
| 225 | 2 | @a信息技术与学科教育整合系列丛书 |
| 410 | 0 | @12001 @a信息技术与学科教育整合系列丛书 |
| 606 | 0 | @a教育@x各级 |
| 690 | @aG633.83@v3 | |
| 701 | 0 | @a潘天士@Apan tian shi@4主编 |
| 801 | 0 | @aCN@bPFT@c20070929 |
| 905 | @a213230@dG633.83@eh113@f1 | |
| 中学化学课件制作实例与技巧/潘天士 主编.-北京:机械工业出版社,2004 |
| 插图;29cm+光盘1张.-(信息技术与学科教育整合系列丛书) |
| ISBN 7-111-14790-1: |
| ● |
| 相关链接 |
|
|
|
|
正题名:中学化学课件制作实例与技巧
索取号:G633.83/h113
 
预约/预借
| 序号 | 登录号 | 条形码 | 馆藏地/架位号 | 状态 | 备注 |
| 1 | 6001706 | 260017065 | 密集书库-化学系/ [索取号:G633.83/h113] | 在馆 |